skbl

Dr Suryya Kumar Bhuyan Library Web-OPAC
ডঃ সূৰ্য্য
কুমাৰ ভূঞা পুথিভঁৰাল ৱেব-অ'পেক

All Research Scholars are advised to clear the annual library fees to continue using Library Resources, Remote Access, Plagiarism Test and Library Clearance.

Cotton University Book Fair 2026

International Encyclopaedia of Indian Literature Vol.III : Assamese / (Record no. 1255)

MARC details
000 -LEADER
fixed length control field 00693nam a2200253Ia 4500
001 - CONTROL NUMBER
control field 1258
005 - DATE AND TIME OF LATEST TRANSACTION
control field 20240113233451.0
007 - PHYSICAL DESCRIPTION FIXED FIELD--GENERAL INFORMATION
fixed length control field ta
008 - FIXED-LENGTH DATA ELEMENTS--GENERAL INFORMATION
fixed length control field 050202s1987 a g b000 u eng u
020 ## - INTERNATIONAL STANDARD BOOK NUMBER
Terms of availability HB
040 ## - CATALOGING SOURCE
Original cataloging agency Ref.Stack
041 ## - LANGUAGE CODE
Language code of text/sound track or separate title eng
082 ## - DEWEY DECIMAL CLASSIFICATION NUMBER
Classification number 891.03
Item number Ga 16 In
100 ## - MAIN ENTRY--PERSONAL NAME
Personal name Garg, Ganga Ram .
245 #0 - TITLE STATEMENT
Title International Encyclopaedia of Indian Literature Vol.III : Assamese /
Statement of responsibility, etc. Ganga Ram Garg.
Medium Textual Documents
250 ## - EDITION STATEMENT
Edition statement 1st ed /
260 ## - PUBLICATION, DISTRIBUTION, ETC.
Place of publication, distribution, etc. Delhi :
Name of publisher, distributor, etc. Mittal Publication ,
Date of publication, distribution, etc. 1987.
300 ## - PHYSICAL DESCRIPTION
Extent 128p. :
Other physical details ill ;
Dimensions 20cm. .
653 ## - INDEX TERM--UNCONTROLLED
Uncontrolled term Encyclopaedia - Indian Literature
942 ## - ADDED ENTRY ELEMENTS (KOHA)
Source of classification or shelving scheme Dewey Decimal Classification
Koha item type Books
Holdings
Withdrawn status Lost status Damaged status Not for loan Home library Current library Date acquired Coded location qualifier Total checkouts Full call number Barcode Date last seen Copy number Price effective from Koha item type Collection
        Dr. Suryya Kumar Bhuyan Library Dr. Suryya Kumar Bhuyan Library 01/02/2012 00000   891.03 Ga 16 In 89609/295E 13/01/2024 2 01/02/2012 Books  
        Dr. Suryya Kumar Bhuyan Library Dr. Suryya Kumar Bhuyan Library 01/02/2012 00000   891.03 Ga 16 In 268/As/136 13/01/2024 1 01/02/2012 Books  

Designed and Maintained by Team SKBL
©1901-2026

Powered by Koha